Plantas medicinales del campo : (Registro nro. 2286)

Detalles MARC
000 -CABECERA
Campo de control 01124cam a2200277 i 4500
005 - FECHA Y HORA DE LA ULTIMA TRANSACCION
Campo de control 20160217114040.0
008 - ELEMENTOS DE LONGITUD FIJA—INFORMACION GENERAL
Campo de control 941210s1993 ec a 00010 spa d
020 ## - ISBN
ISBN 997804017X
040 ## - FUENTE DE CATALOGACIÓN
Agencia catalogadora original la
Agencia transcriptora la
Agencia Modificadora CO-BoIAVH
041 0# - IDIOMA
Código de idioma para texto/pista de sonido o título separado Español
043 ## - GEOGRAPHIC AREA CODE
Geographic area code s-ec---
082 04 - NUMERO DE CLASIFICACION DECIMAL DEWEY
Número de clasificación 581.634
Número del ítem K87p
100 1# - ASIENTO PRINCIPAL--NOMBRE PERSONAL
Nombre personal Kothari, Brij
9 (RLIN) 15346
245 10 - MENCION DE TITULO
Título Plantas medicinales del campo :
Parte restante del título La Esperanza, Angochagua y Caranqui, Imbabura = Ñucanchic panpa janpicuna /
Mención de responsabilidad Brij Kothari ; ilustraciones Solymar López, Misael Acosta-Solis.
260 ## - PUBLICACION, DISTRIBUCION, ETC. (PIE DE IMPRENTA)
Lugar de publicación, distribución, etc. Quito :
Nombre del editor, distribuidor, etc. Ediciones Abya-Yala, Unión de Organizaciones y Comunidades Indígenas de Angochagua, La Esperanza y Caranqui,
Fecha de publicación, distribución, etc. 1993.
300 ## - DESCRIPCION FISICA
Extensión xxi, 296 páginas :
Otros detalles físicos ilustraciones ;
Dimensiones 21 cm.
500 ## - NOTA GENERAL
Nota general Incluye índice.
650 14 - ASIENTO SECUNDARIO DE MATERIA - TERMINO TEMATICO
Término temático o nombre geográfico como elemento de entrada Botánica médica
Subdivisión geográfica Ecuador.
9 (RLIN) 60370
650 24 - ASIENTO SECUNDARIO DE MATERIA - TERMINO TEMATICO
Término temático o nombre geográfico como elemento de entrada Plantas medicinales.
Subdivisión geográfica Ecuador.
9 (RLIN) 60371
650 24 - ASIENTO SECUNDARIO DE MATERIA - TERMINO TEMATICO
Término temático o nombre geográfico como elemento de entrada Plantas útiles
Subdivisión geográfica Ecuador.
9 (RLIN) 60372
700 1# - ASIENTO SECUNDARIO - NOMBRE PERSONAL
Nombre personal López, Solymar,
Término de relación ilustrador.
9 (RLIN) 60373
700 1# - ASIENTO SECUNDARIO - NOMBRE PERSONAL
Nombre personal Acosta Solís, Misael,
Fechas asociadas con el nombre 1910-1994,
Término de relación ilustrador.
9 (RLIN) 60374
740 02 - ASIENTO SECUNDARIO - TITULOS RELACIONADOS /ANALITICOS NO CONTROLADOS
Título relacionado o analítico no controlado Nucanchic panpa janpicuna.
942 ## - ELEMENTOS ADICIONALES (KOHA)
Sistema de clasificación Dewey Decimal Classification
Tipo de ítem Libro
949 ## - LOCAL PROCESSING INFORMATION (OCLC)
a n
b n
Existencias
Withdrawn status Lost status Sistema de Clasificación Damaged status No para préstamo Colección Inventariado Ubicación Permanente Ubicación actual Fecha de adquisición Fuente de Valor Valor Total Checkouts Número topográfico Inventario / Código de Barras Date last seen Ejemplar Price effective from Forma de adquisición Tipo de material Public note
    Dewey Decimal Classification     General Inventariado 2017 Bogotá Bogotá 14/05/2001 Instituto 39000.00   LB-581.634 K87p 002853 04/12/2012 Ej. 1 04/12/2012   Libro Consulta en sala (Disponible en fotocopia)